| 000 | 01442nam0a2200349 4500 | ||
|---|---|---|---|
| 001 | RU\NLR\BIBL_A\012172321 | ||
| 005 | 20200130142656.0 | ||
| 010 |
_a978-5-89100-190-9 _9500 |
||
| 021 |
_aRU _bКН-П-19-090794 _9КН-П-19-6626 |
||
| 035 | _a(NLR Aleph) 012172321 | ||
| 035 | _a(RuMoRGB)010167672 | ||
| 090 |
_a12246963 _c12246963 |
||
| 100 | _a20191225d2019 u y0rusy50 ca | ||
| 101 | 0 | _arus | |
| 102 | _aRU | ||
| 105 | _aa|||z|||001zy | ||
| 200 | 1 |
_aВведение в современное православное богословие _fКарл Христиан Фельми (диакон Василий) |
|
| 205 | _aИзд. 2-е, испр. и доп. | ||
| 210 |
_aМосква _cСвято-Филаретовский православно-христианский институт _d2019 |
||
| 215 |
_a380 с., [4] л. цв. ил. _d24 |
||
| 320 | _aИмен. указ.: с. 366-380 | ||
| 320 | _aБиблиогр. в конце гл. и в подстроч. примеч. | ||
| 606 | 1 |
_aБогословие православное _91149609 _3RU\NLR\AUTH\66140438 |
|
| 686 | 2 | _aЭ372.24-4 | |
| 700 | 1 |
_7ca _8rus _aФельми _bВ. _cдиакон _f1938- _gВасилий _9215224 _3RU\NLR\AUTH\770215280 |
|
| 942 | _cBOOK | ||
| 980 | _aNB | ||
| 980 | _aNBR | ||